<?xml version="1.0" encoding="UTF-8"?>
<collection xmlns="http://www.loc.gov/MARC21/slim">
<record>
  <controlfield tag="001">2661761</controlfield>
  <controlfield tag="005">20190405234823.0</controlfield>
  <datafield tag="024" ind1="8" ind2=" ">
    <subfield code="a">oai:cds.cern.ch:2661761</subfield>
    <subfield code="p">cerncds:FULLTEXT</subfield>
  </datafield>
  <datafield tag="037" ind1=" " ind2=" ">
    <subfield code="a">CERN-PHOTO-201902-038</subfield>
  </datafield>
  <datafield tag="100" ind1=" " ind2=" ">
    <subfield code="0">AUTHOR|(CDS)2070299</subfield>
    <subfield code="0">AUTHOR|(SzGeCERN)582709</subfield>
    <subfield code="a">Brice, Maximilien</subfield>
    <subfield code="m">Maximilien.Brice@cern.ch</subfield>
    <subfield code="u">CERN</subfield>
  </datafield>
  <datafield tag="245" ind1=" " ind2=" ">
    <subfield code="a">Prototypes of the ATLAS inner tracker (ITK) pixel detector</subfield>
  </datafield>
  <datafield tag="260" ind1=" " ind2=" ">
    <subfield code="c">2019</subfield>
  </datafield>
  <datafield tag="269" ind1=" " ind2=" ">
    <subfield code="a">Geneva</subfield>
    <subfield code="b">CERN</subfield>
    <subfield code="c">2019-02-21</subfield>
  </datafield>
  <datafield tag="500" ind1=" " ind2=" ">
    <subfield code="a">General Photo</subfield>
  </datafield>
  <datafield tag="506" ind1=" " ind2=" ">
    <subfield code="a">public</subfield>
  </datafield>
  <datafield tag="520" ind1=" " ind2=" ">
    <subfield code="a">This is a prototype for a new pixel detector for the ATLAS Experiment. The future pixel detector will be part of a new, all-silicon inner tracker (ITk) currently under development for the High-Luminosity phase of the LHC (HL-LHC). The ITk will replace the current inner detector, using state-of-the art silicon technologies to cope with the increased rate of collisions expected at the HL-LHC. As shown in the image, the pixel outer barrel region will feature sensors tilted with respect to the beam axis, helping to improve the tracking performance while reducing the total silicon area.</subfield>
  </datafield>
  <datafield tag="542" ind1=" " ind2=" ">
    <subfield code="d">CERN</subfield>
    <subfield code="g">2019</subfield>
  </datafield>
  <datafield tag="595" ind1=" " ind2=" ">
    <subfield code="a">CERN EDS</subfield>
    <subfield code="s">PHOTOLAB</subfield>
  </datafield>
  <datafield tag="650" ind1="2" ind2="7">
    <subfield code="2">SzGeCERN</subfield>
    <subfield code="a">Experiments and Tracks</subfield>
  </datafield>
  <datafield tag="650" ind1="1" ind2="7">
    <subfield code="2">SzGeCERN</subfield>
    <subfield code="a">Photolab</subfield>
  </datafield>
  <datafield tag="653" ind1="1" ind2=" ">
    <subfield code="9">CERN</subfield>
    <subfield code="a">Experiments and Collaborations</subfield>
  </datafield>
  <datafield tag="653" ind1="1" ind2=" ">
    <subfield code="9">CERN</subfield>
    <subfield code="a">ATLAS</subfield>
  </datafield>
  <datafield tag="653" ind1="1" ind2=" ">
    <subfield code="9">CERN</subfield>
    <subfield code="a">Cavern</subfield>
  </datafield>
  <datafield tag="690" ind1="C" ind2=" ">
    <subfield code="a">CERN</subfield>
  </datafield>
  <datafield tag="690" ind1="C" ind2=" ">
    <subfield code="a">PHOTO</subfield>
  </datafield>
  <datafield tag="856" ind1="4" ind2=" ">
    <subfield code="8">1465217</subfield>
    <subfield code="s">9425928</subfield>
    <subfield code="u">http://cds.cern.ch/record/2661761/files/201902-038_01.jpg</subfield>
  </datafield>
  <datafield tag="856" ind1="4" ind2=" ">
    <subfield code="8">1465218</subfield>
    <subfield code="s">9316483</subfield>
    <subfield code="u">http://cds.cern.ch/record/2661761/files/201902-038_02.jpg</subfield>
  </datafield>
  <datafield tag="856" ind1="4" ind2=" ">
    <subfield code="8">1465219</subfield>
    <subfield code="s">7053573</subfield>
    <subfield code="u">http://cds.cern.ch/record/2661761/files/201902-038_03.jpg</subfield>
  </datafield>
  <datafield tag="856" ind1="4" ind2=" ">
    <subfield code="8">1465220</subfield>
    <subfield code="s">1133915</subfield>
    <subfield code="u">http://cds.cern.ch/record/2661761/files/201902-038_04.jpg</subfield>
  </datafield>
  <datafield tag="856" ind1="4" ind2=" ">
    <subfield code="8">1465221</subfield>
    <subfield code="s">6387846</subfield>
    <subfield code="u">http://cds.cern.ch/record/2661761/files/201902-038_05.jpg</subfield>
  </datafield>
  <datafield tag="856" ind1="4" ind2=" ">
    <subfield code="8">1465217</subfield>
    <subfield code="s">166998</subfield>
    <subfield code="u">http://cds.cern.ch/record/2661761/files/201902-038_01.jpg?subformat=icon-640</subfield>
    <subfield code="x">icon-640</subfield>
  </datafield>
  <datafield tag="856" ind1="4" ind2=" ">
    <subfield code="8">1465217</subfield>
    <subfield code="s">26680</subfield>
    <subfield code="u">http://cds.cern.ch/record/2661761/files/201902-038_01.jpg?subformat=icon-180</subfield>
    <subfield code="x">icon-180</subfield>
  </datafield>
  <datafield tag="856" ind1="4" ind2=" ">
    <subfield code="8">1465217</subfield>
    <subfield code="s">740688</subfield>
    <subfield code="u">http://cds.cern.ch/record/2661761/files/201902-038_01.jpg?subformat=icon-1440</subfield>
    <subfield code="x">icon-1440</subfield>
  </datafield>
  <datafield tag="856" ind1="4" ind2=" ">
    <subfield code="8">1465218</subfield>
    <subfield code="s">171461</subfield>
    <subfield code="u">http://cds.cern.ch/record/2661761/files/201902-038_02.jpg?subformat=icon-640</subfield>
    <subfield code="x">icon-640</subfield>
  </datafield>
  <datafield tag="856" ind1="4" ind2=" ">
    <subfield code="8">1465218</subfield>
    <subfield code="s">27586</subfield>
    <subfield code="u">http://cds.cern.ch/record/2661761/files/201902-038_02.jpg?subformat=icon-180</subfield>
    <subfield code="x">icon-180</subfield>
  </datafield>
  <datafield tag="856" ind1="4" ind2=" ">
    <subfield code="8">1465218</subfield>
    <subfield code="s">740998</subfield>
    <subfield code="u">http://cds.cern.ch/record/2661761/files/201902-038_02.jpg?subformat=icon-1440</subfield>
    <subfield code="x">icon-1440</subfield>
  </datafield>
  <datafield tag="856" ind1="4" ind2=" ">
    <subfield code="8">1465219</subfield>
    <subfield code="s">210168</subfield>
    <subfield code="u">http://cds.cern.ch/record/2661761/files/201902-038_03.jpg?subformat=icon-640</subfield>
    <subfield code="x">icon-640</subfield>
  </datafield>
  <datafield tag="856" ind1="4" ind2=" ">
    <subfield code="8">1465219</subfield>
    <subfield code="s">35033</subfield>
    <subfield code="u">http://cds.cern.ch/record/2661761/files/201902-038_03.jpg?subformat=icon-180</subfield>
    <subfield code="x">icon-180</subfield>
  </datafield>
  <datafield tag="856" ind1="4" ind2=" ">
    <subfield code="8">1465219</subfield>
    <subfield code="s">782669</subfield>
    <subfield code="u">http://cds.cern.ch/record/2661761/files/201902-038_03.jpg?subformat=icon-1440</subfield>
    <subfield code="x">icon-1440</subfield>
  </datafield>
  <datafield tag="856" ind1="4" ind2=" ">
    <subfield code="8">1465220</subfield>
    <subfield code="s">18971</subfield>
    <subfield code="u">http://cds.cern.ch/record/2661761/files/201902-038_04.jpg?subformat=icon-180</subfield>
    <subfield code="x">icon-180</subfield>
  </datafield>
  <datafield tag="856" ind1="4" ind2=" ">
    <subfield code="8">1465220</subfield>
    <subfield code="s">397583</subfield>
    <subfield code="u">http://cds.cern.ch/record/2661761/files/201902-038_04.jpg?subformat=icon-1440</subfield>
    <subfield code="x">icon-1440</subfield>
  </datafield>
  <datafield tag="856" ind1="4" ind2=" ">
    <subfield code="8">1465220</subfield>
    <subfield code="s">94781</subfield>
    <subfield code="u">http://cds.cern.ch/record/2661761/files/201902-038_04.jpg?subformat=icon-640</subfield>
    <subfield code="x">icon-640</subfield>
  </datafield>
  <datafield tag="856" ind1="4" ind2=" ">
    <subfield code="8">1465221</subfield>
    <subfield code="s">193981</subfield>
    <subfield code="u">http://cds.cern.ch/record/2661761/files/201902-038_05.jpg?subformat=icon-640</subfield>
    <subfield code="x">icon-640</subfield>
  </datafield>
  <datafield tag="856" ind1="4" ind2=" ">
    <subfield code="8">1465221</subfield>
    <subfield code="s">30479</subfield>
    <subfield code="u">http://cds.cern.ch/record/2661761/files/201902-038_05.jpg?subformat=icon-180</subfield>
    <subfield code="x">icon-180</subfield>
  </datafield>
  <datafield tag="856" ind1="4" ind2=" ">
    <subfield code="8">1465221</subfield>
    <subfield code="s">741505</subfield>
    <subfield code="u">http://cds.cern.ch/record/2661761/files/201902-038_05.jpg?subformat=icon-1440</subfield>
    <subfield code="x">icon-1440</subfield>
  </datafield>
  <datafield tag="859" ind1=" " ind2=" ">
    <subfield code="f">maximilien.brice@cern.ch</subfield>
  </datafield>
  <datafield tag="916" ind1=" " ind2=" ">
    <subfield code="s">n</subfield>
    <subfield code="w">201908</subfield>
  </datafield>
  <datafield tag="923" ind1=" " ind2=" ">
    <subfield code="p">CERN 154/1</subfield>
    <subfield code="r">&lt;></subfield>
  </datafield>
  <datafield tag="960" ind1=" " ind2=" ">
    <subfield code="a">86</subfield>
  </datafield>
  <datafield tag="963" ind1=" " ind2=" ">
    <subfield code="a">PUBLIC</subfield>
  </datafield>
  <datafield tag="963" ind1=" " ind2=" ">
    <subfield code="b">VISIBLE</subfield>
  </datafield>
  <datafield tag="980" ind1=" " ind2=" ">
    <subfield code="a">PHOTOLABCERN</subfield>
  </datafield>
</record>
</collection>